Ecology of macrofungi (Record no. 758039)

MARC details
000 -LEADER
fixed length control field 00494nam a22001817a 4500
003 - CONTROL NUMBER IDENTIFIER
control field OSt
005 - DATE AND TIME OF LATEST TRANSACTION
control field 20260421143910.0
008 - FIXED-LENGTH DATA ELEMENTS--GENERAL INFORMATION
fixed length control field 260421b |||||||| |||| 00| 0 eng d
020 ## - INTERNATIONAL STANDARD BOOK NUMBER
International Standard Book Number 9781032551531
040 ## - CATALOGING SOURCE
Transcribing agency kul
082 ## - DEWEY DECIMAL CLASSIFICATION NUMBER
Classification number 579.6 SRI.E
245 ## - TITLE STATEMENT
Title Ecology of macrofungi
Remainder of title : an overview /
260 ## - PUBLICATION, DISTRIBUTION, ETC.
Place of publication, distribution, etc. Boca Raton :
Name of publisher, distributor, etc. CRC press ,
Date of publication, distribution, etc. c2024.
300 ## - PHYSICAL DESCRIPTION
Extent 336 p.
700 ## - ADDED ENTRY--PERSONAL NAME
Relator code Editor
Personal name Sridhar R., Khandikere
9 (RLIN) 13543
700 ## - ADDED ENTRY--PERSONAL NAME
Relator code Editor
Personal name Deshmukh, Sunil Kumar
9 (RLIN) 13542
942 ## - ADDED ENTRY ELEMENTS (KOHA)
Source of classification or shelving scheme Dewey Decimal Classification
Koha item type Book
Holdings
Withdrawn status Lost status Source of classification or shelving scheme Damaged status Not for loan Home library Current library Shelving location Date acquired Source of acquisition Total Checkouts Full call number Barcode Date last seen Price effective from Koha item type
    Dewey Decimal Classification     Dept. of Botany Dept. of Botany General Stacks 21/04/2026 Modern Book Center   579.6 SRI.E BOT10980 21/04/2026 21/04/2026 Book